European countries with most metro systems - Statistics

General Stats
  • This quiz has been taken 89 times
  • The average score is 9 of 10
Answer Stats
# Answer % Correct
6 France
100%
7 Spain
100%
5 Germany
99%
4 United Kingdom
99%
7 Italy
97%
5 Russia
95%
2 Netherlands
90%
2 Portugal
85%
2 Belgium
84%
4 Ukraine
81%
No matching quizzes found
Score Distribution
Percent of People with Each Score
Percentile by Number Answered
Your Score History
You have not taken this quiz